INFLUENCE OF CHURCH LEADERSHIP ON MEMBERSHIP GROWTH: A CASE OF PENTECOSTAL ASSEMBLIES OF GOD KIANUNGU DISTRICT - NYAMIRA COUNTY, KENYA (Record no. 208806)
[ view plain ]
| 000 -LEADER | |
|---|---|
| fixed length control field | 00516nam a22001457a 4500 |
| 008 - FIXED-LENGTH DATA ELEMENTS--GENERAL INFORMATION | |
| fixed length control field | 240129b |||||||| |||| 00| 0 eng d |
| 050 ## - LIBRARY OF CONGRESS CALL NUMBER | |
| Classification number | THE BV 625.25 .T46 2021 |
| Item number | C. 1 |
| 100 ## - MAIN ENTRY--PERSONAL NAME | |
| Personal name | TENGEYA, NYAKUNDI ISAAC |
| 245 ## - TITLE STATEMENT | |
| Title | INFLUENCE OF CHURCH LEADERSHIP ON MEMBERSHIP GROWTH: A CASE OF PENTECOSTAL ASSEMBLIES OF GOD KIANUNGU DISTRICT - NYAMIRA COUNTY, KENYA |
| 260 ## - PUBLICATION, DISTRIBUTION, ETC. | |
| Place of publication, distribution, etc. | KISII |
| Name of publisher, distributor, etc. | KISII UNIVERSITY |
| Date of publication, distribution, etc. | 2021 |
| 300 ## - PHYSICAL DESCRIPTION | |
| Extent | XIII, 103P.: ILL. |
| 500 ## - GENERAL NOTE | |
| General note | INCLUDES INDEX |
| 650 ## - SUBJECT ADDED ENTRY | |
| Topical term or geographic name entry element | RELIGIOUS STUDIES |
| 942 ## - ADDED ENTRY ELEMENTS (KOHA) | |
| Source of classification or shelving scheme | Library of Congress Classification |
| Koha item type | Long Loan Book |
| Withdrawn status | Lost status | Source of classification or shelving scheme | Damaged status | Not for loan | Home library | Current library | Shelving location | Date acquired | Inventory number | Total checkouts | Full call number | Barcode | Date last seen | Price effective from | Koha item type |
|---|---|---|---|---|---|---|---|---|---|---|---|---|---|---|---|
| Library of Congress Classification | Kisii University Library | Kisii University Library | On Display | 01/29/2024 | 098994 | THE BV 625.25 .T46 2021 | 000000003098 | 01/29/2024 | 01/29/2024 | Reference |